000 00212nam a2200085Ia 4500
008 120527s9999 xx 000 0 und d
100 _aCERVENKA, Z.
245 _aA History of the Nigerian War 1967-1970
942 _cBK
999 _c25521
_d25521